| 000 | 00840cab a2200241 4500 | ||
|---|---|---|---|
| 001 | WB3501-31 | ||
| 008 | 090401t1999 xxu||||| |||| 00| 0 eng d | ||
| 035 | _a(Sirsi) u90548 | ||
| 041 | _aeng | ||
| 245 | _aCo-ownership scheme will fail poor | ||
| 260 | _c1999 | ||
| 350 | _a0 | ||
| 490 |
_aTimes _v6 January 1999, 33(2) |
||
| 520 | _aCritics claim that the new Homebuy scheme will exclude those on the lowest incomes from entering into shared ownership. The new scheme requires buyers to pay at least 75% of the cost of the property, as opposed to 25 to 75% under the do-it-yourself shared ownership scheme. | ||
| 650 | _aDIYSO | ||
| 650 | _aDIY SHARED OWNERSHIP | ||
| 650 | _aDCLG HOMEBUY | ||
| 650 | _aHOUSEBUYING | ||
| 650 | _aSHARED OWNERSHIP | ||
| 690 | _aHOUSING-HOUSING FINANCE | ||
| 942 | _n0 | ||
| 948 | _c06/01/1999 | ||
| 999 |
_c57417 _d57417 |
||